Antología bilingüe (español-inglés) de la poesía española moderna / (Record no. 24354)

MARC details
000 -LEADER
campo de control de longitud fija 00573nam a2200169 i 4500
001 - NÚMERO DE CONTROL
campo de control 24354
003 - IDENTIFICADOR DE NÚMERO DE CONTROL
campo de control ES-MaACL
005 - FECHA Y HORA DE LA ÚLTIMA TRANSACCIÓN
campo de control 20230906153032.0
007 - CAMPO FIJO DE DESCRIPCIÓN FÍSICA--INFORMACIÓN GENERAL
campo de control de longitud fija t|
008 - DATOS DE LONGITUD FIJA--INFORMACIÓN GENERAL
campo de control de longitud fija 021217s1965 sp f |||| | spa d
245 00 - MENCIÓN DEL TÍTULO
Título Antología bilingüe (español-inglés) de la poesía española moderna /
Mención de responsabilidad, etc. selección y traducción al inglés por Helen Wohl Patterson.
260 ## - PUBLICACIÓN, DISTRIBUCIÓN, ETC.
Lugar de publicación, distribución, etc. Madrid :
Nombre del editor, distribuidor, etc. Cultura Hispánica,
Fecha de publicación, distribución, etc. 1965.
300 ## - DESCRIPCIÓN FÍSICA
Extensión 365 p., 1 lám. ;
Dimensiones 21 cm.
650 #4 - PUNTO DE ACCESO ADICIONAL DE MATERIA--TÉRMINO DE MATERIA
Término de materia o nombre geográfico como elemento de entrada Poesías españolas-
Subdivisión cronológica S.XX.
9 (RLIN) 16221
700 1# - ENTRADA AGREGADA--NOMBRE PERSONAL
Nombre de persona Patterson, Helen Wohl.
9 (RLIN) 89608
852 ## - LOCALIZACIÓN
Ubicación ES-MaACL
Número de control de estantería C-28055
Holdings
Estatus retirado Estado de pérdida Estado de daño No para préstamo Biblioteca de origen Biblioteca actual Ubicación en estantería Fecha de adquisición Fuente de adquisición Total de préstamos Signatura topográfica completa Código de barras Visto por última vez Precio de reemplazo Tipo de ítem Koha
        Biblioteca del Ateneo de Madrid Biblioteca del Ateneo de Madrid Depósito 2 17/01/2008     C-28055 1025112 23/02/2023 23/02/2023 Libro impreso